000 00560 a2200193 4500
001 61111
005 20260407155902.0
008 260407a1954 arg spa d
003 AR-UNSa-BCEJYS
040 _aAR-UNSa-BCEJYS
_bspa
_cAR-UNSa-BCEJYS
080 _a336.2
_xIngresos públicos (Derecho tributario)
245 1 0 _aLa interpretación de las leyes tributarias
264 1 _aBuenos Aires :
_bEdiciones Arayú
_c1954
300 _a86 p.
_c18 cm.
041 _aspa
942 _cBK
590 _aniveau_biblio:m niveau_hierar:0
100 1 _aAmaya, Adolfo A.
999 _c7230
_d7230